000
00294nam a2200109Ia 4500
008
171211s9999 xx 000 0 und d
245
_a
Yoga and Multiple Sclerosis
245
_c
Loren M. Fishman
260
_c
2007
650
_x
HEALTH
856
_u
http://down.ebook777.com/018/9781932603170.pdf
999
_c
348359
_d
348359